00595cam a22001934a 4500020003800000020003500038020003800073020003500111020002600146020002300172040000800195082002600203100002300229245004500252250001100297260004300308300003200351650001800383 a9780415423250 (hbk. : alk. paper) a0415423252 (hbk. : alk. paper) a9780415423267 (pbk. : alk. paper) a0415423260 (pbk. : alk. paper) a9780203961810 (ebook) a0203961811 (ebook) cDLC00a333 BUR 2008 C162 Or.1 aScarrett, Douglas,10aProperty valuation :bthe five methods / a2nd ed aLondon ;aNew York :bRoutledge,c2008 axv, 196 p. :bill. ;c24 cm 0aReal property